| 000 | 00754nam a2200277Ia 4500 | ||
|---|---|---|---|
| 003 | OSt | ||
| 005 | 20221005084035.0 | ||
| 006 | a|||||r|||| 00| 0 | ||
| 007 | ta | ||
| 008 | 221004b |||||||| |||| 00| 0 eng d | ||
| 020 | _a0471224723 | ||
| 024 | _a77849 | ||
| 037 | _cTextual | ||
| 040 |
_aCRL _cCRL _beng |
||
| 041 |
_2eng _aeng |
||
| 082 | _aL:2, P3;1 | ||
| 100 |
_aTortora Gerard J _9391981 |
||
| 245 | 0 | _aPrinciples of anatomy and physiology | |
| 250 | _a10th | ||
| 260 |
_aNew Jersey _bJohn Wiley & Sons USA _c2003 |
||
| 300 |
_avp _ccm. |
||
| 650 | _aMEDICINE | ||
| 700 |
_a Grabowski Sandra Reynolds _9613007 |
||
| 942 |
_hL:2, P3;1 _cTEXL _2cc |
||
| 999 |
_c991957 _d991957 |
||